000 01268cam a22003497a 4500
003 CHAP
005 20220329141826.0
008 971119d1997 mx a r 00110 spa d
010 _a74434
011 _a75406
035 _a84968
040 _cCHAP
090 _aTesis
100 0 0 _aMárquez Moreno, Andrés.
_976342
245 1 0 _aEvaluación de inversiones en cultivos anuales con tasas mensuales de actualización
_c/por Andrés Márquez Moreno
260 _aChapingo, Méx. :
_bEl autor,
_c1997.
300 _a108 h.
_bilus. ; gráfs. ; tablas
502 _aTesis (Lic. en Administración de Empresas Agropecuarias ) -- UACH. Departamento de Economía Agrícola
590 _aALEPH
_b10
_c20130110
_lUCH01
_h1419
590 _aBATCH-UPD
_b10
_c20130110
_lUCH01
_h0458
590 _aBATCH-UPD
_b10
_c20130410
_lUCH01
_h0135
590 _aBATCH-UPD
_b10
_c20130914
_lUCH01
_h1652
590 _aCONVERSION
_b10
_c20130109
_lUCH01
_h1341
650 1 4 _aAgricultura
_xAspectos economicos
_zMexico.
_91312
650 1 4 _aInversiones.
_960178
650 1 4 _aTasas de interés.
_9111728
901 _aBK
905 _aAlejandra Carrasco M.
942 _cFOLL
949 _bBC
_cTES
_d33724000637849
_eTS2
_fc.2
_h31609
_i84968
_sb
949 _bBC
_cTES
_d849681
_eTS1
_h31608
_i84968
_sb
999 _c74434
_d74434